000 00696nam a22002177a 4500
999 _c4805
_d4805
003 AR-CdUCM
008 190311b ||||| |||| 00| 0 spa d
040 _aMUNICIPALIDAD PROVINCIAL DEL CUSCO
_cBIBLIOTECA MUNICIPAL DEL CUSCO
082 _a869.56 /
_bAR72
100 _aArias Larreta, Felipe
_914824
245 _aPoemas /
260 _aKansas City, Missouri :
_bIndoamérica: New World Library,
_c1972.
300 _a57 páginas ;
_bilustraciones
_c20 cm.
500 _aDonación de la familia Nieto Texto anillado.
650 _aPerú
_935
650 _aPoesía peruana
_9806
650 _aSiglo XX
_98
700 _aArias Larreta, Abraham
_914825
942 _2ddc
_cLIBROS
945 _araen